000 00607cam a22002053a 4500
001 40201
003 PGUSA
005 20140828083909.0
008 120710s2012||||xxu|||||s|||||000 | eng d
040 _aPGUSA
_beng
042 _adc
100 1 _aHartley, C. Gasquoine
_q(Catherine Gasquoine),
_d1867-1928
245 1 0 _aThings seen in Spain
_h[electronic resource] /
_cC. Gasquoine Hartley
260 _bProject Gutenberg,
_c2012
506 _aPublic domain in the USA.
516 _aElectronic text
830 0 _aProject Gutenberg
_v40201
856 4 0 _uhttp://www.gutenberg.org/ebooks/40201
942 _cEB
999 _c269454
_d269454